| 000 | 00446nam a2200157 a 4500 | ||
|---|---|---|---|
| 005 | 20140412111332.0 | ||
| 008 | 030317s19uu xx 00 eng d | ||
| 020 | _a0-02-179042-6 | ||
| 050 |
_aTR(PS E _bAp8 1991 |
||
| 100 | _aKeats, Ezra Jack | ||
| 245 |
_aApt. 3 / _cEzra Jack Keats. |
||
| 260 |
_aNew York : _bMacmillan/McGraw-Hill School Pub. Comp, _c1971. |
||
| 300 | _a37 p. ; ill. | ||
| 650 | _aMusic--Childrens stories | ||
| 999 |
_c104954 _d104954 |
||